000 00882cab a2200265 4500
001 ABS48061
008 090401t1993 xxu||||| |||| 00| 0 eng d
035 _a(Sirsi) u64731
041 _aeng
100 _aFalcon, K.
245 _aProfessional indemnity insurance
260 _c1993
350 _a0
490 _aASI Journal
_v4(4) January 1993, 12-13(2)
520 _aExamines the conditions causing substantial rises in professional indemnity premiums, currently being sought by the insurance companies, and points out some reasons for surveyors` losses in negligence cases.
650 _aCLAIMS
650 _aLOCAL KNOWLEDGE
650 _aPREMIUMS
650 _aPROFESSIONAL INDEMNITY INSURANCE
650 _aRECORD KEEPING
690 _aINSURANCE
_96249
690 _aMANAGEMENT-BUSINESS MANAGEMENT-PROFESSIONAL PRACTICE
942 _n0
948 _c04/03/1997
999 _c40330
_d40330